Tres lugares comunes

Tallennettuna:
Bibliografiset tiedot
Päätekijä: Junco, Alfonso (Tekijä)
Aineistotyyppi: Kirja
Kieli:espanja
Julkaistu: Ciudad de México San Ignacio de Loyola 1943
Aiheet:
Tagit: Lisää tagi
Ei tageja, Lisää ensimmäinen tagi!

MARC

LEADER 00000nam a2200000 a 4500
001 UCI3244
003 CL-VaPUC
008 071019e19430000MX |||||||||||||||||spa|d
082 0 4 |a Me864  |b JUN  |2 21 
100 0 |a Junco, Alfonso  |e author  |9 524633 
245 1 0 |a Tres lugares comunes 
300 |a 200 p 
942 |c BK 
945 |d 20071019 00:00:00  |a rbrito 
260 |a Ciudad de México  |b San Ignacio de Loyola  |c 1943 
650 7 |a PROSA MEXICANA  |2 CL-VaPUC  |9 378689 
650 7 |a ENSAYOS MEXICANOS  |2 CL-VaPUC  |9 315571 
583 |a last modification  |c 20071019 00:00:00  |k Rodrigo Vera 
999 |c 327564  |d 327562 
952 |0 0  |1 0  |4 0  |6 ME_864_000000000000000_JUN_1943  |7 0  |8 P  |9 410537  |a BIBTEO  |b BIBTES  |c TEO_FTES  |d 2019-11-22  |i 3170802  |o Me864 JUN 1943  |p 3170802  |r 2024-01-18  |w 2019-11-22  |y BK  |k ICR